[Event "Campeonato de España FEDC 2014"]
[Site "Linares ESP"]
[Date "2014.11.22"]
[Round "7.13"]
[White "Sanchez Ruiz, Piedad Esmeralda"]
[Black "Garcia Andrinal, Antonio"]
[Result "1/2-1/2"]
[WhiteElo "1861"]
[BlackElo "1726"]
[PlyCount "58"]
[EventDate "2014.11.16"]
[EventType "swiss"]
[EventRounds "8"]
[EventCountry "ESP"]
[Source "lmi"]
[SourceDate "2014.11.16"]

1. e4 c5 2. Nf3 Nc6 3. d4 cxd4 4. Nxd4 Nf6 5. Nc3 e6 6. g3 Qb6 7. Nb3 a6 8. Bg2
d6 9. O-O Be7 10. Be3 Qc7 11. f4 e5 12. f5 b5 13. Nd5 Nxd5 14. exd5 Nb8 15. Nc5
O-O 16. Ne4 Nd7 17. g4 f6 18. Qd2 Bb7 19. b3 Rac8 20. Rac1 Nc5 21. Nxc5 dxc5
22. d6 Bxd6 23. Bxb7 Qxb7 24. Qxd6 Rfd8 25. Qe6+ Kh8 26. b4 Qe4 27. Bxc5 Qxg4+
28. Kh1 Qe4+ 29. Kg1 Qg4+ 1/2-1/2

[Event "Campeonato de España FEDC 2014"]
[Site "Linares ESP"]
[Date "2014.11.22"]
[Round "7.14"]
[White "Salas Rasilla, Concepcion"]
[Black "Monmeneu Chulia, Vicente Juan"]
[Result "0-1"]
[WhiteElo "1653"]
[BlackElo "1851"]
[PlyCount "90"]
[EventDate "2014.11.16"]
[EventType "swiss"]
[EventRounds "8"]
[EventCountry "ESP"]
[Source "lmi"]
[SourceDate "2014.11.16"]

1. Nf3 Nf6 2. c4 g6 3. g3 Bg7 4. Bg2 O-O 5. O-O d6 6. d4 Nbd7 7. Nc3 e5 8. e4
exd4 9. Nxd4 Re8 10. Re1 Ng4 11. h3 Nge5 12. b3 Nc5 13. Be3 Ne6 14. Rc1 Nc5 15.
Rc2 Bd7 16. Rd2 Qc8 17. Kh2 Nc6 18. Qc2 Nb4 19. Qb1 Ne6 20. Nd5 Nc6 21. Nxc6
bxc6 22. Nf4 Nxf4 23. Bxf4 Bc3 24. Qc2 Bxd2 25. Qxd2 f6 26. Bh6 Qd8 27. h4 Qe7
28. f4 Rad8 29. Qc3 Bg4 30. e5 d5 31. cxd5 cxd5 32. Qd4 c6 33. Rc1 fxe5 34.
fxe5 Qxe5 35. Qxg4 Qe2 36. Qd4 Qe5 37. Qxe5 Rxe5 38. Rxc6 d4 39. Rc7 d3 40.
Rg7+ Kh8 41. Rxa7 Re2 42. Kh3 d2 43. Bxd2 Rdxd2 44. Bc6 h5 45. g4 Re3+ 0-1

[Event "Campeonato de España FEDC 2014"]
[Site "Linares ESP"]
[Date "2014.11.22"]
[Round "7.15"]
[White "Arranz Fraile, Javier"]
[Black "Escalante Ortega, Fernando"]
[Result "1-0"]
[WhiteElo "1594"]
[BlackElo "1814"]
[PlyCount "109"]
[EventDate "2014.11.16"]
[EventType "swiss"]
[EventRounds "8"]
[EventCountry "ESP"]
[Source "lmi"]
[SourceDate "2014.11.16"]

1. Nf3 c5 2. c3 Nf6 3. d4 d5 4. Bf4 Nc6 5. e3 Qb6 6. Qc1 Bf5 7. Nbd2 Nh5 8. Bg3
e6 9. Nh4 Bg6 10. Nxg6 hxg6 11. Nf3 Nxg3 12. fxg3 Bd6 13. Kf2 Qc7 14. Rg1 Rxh2
15. Nxh2 Bxg3+ 16. Ke2 Bxh2 17. Rh1 Qg3 18. Qe1 Qg4+ 19. Kd2 Bd6 20. Rh8+ Bf8
21. Rh4 Qg5 22. Qf2 cxd4 23. cxd4 Bb4+ 24. Kc2 Rc8 25. Bb5 Ke7 26. Bxc6 Rxc6+
27. Kb3 Bd6 28. Rh3 f5 29. Qh4 Qxh4 30. Rxh4 g5 31. Rh8 Kf6 32. Rah1 a5 33. a3
b5 34. Rd8 Be7 35. Rd7 a4+ 36. Ka2 Rc2 37. g4 f4 38. exf4 gxf4 39. g5+ Kf7 40.
Rf1 Ke8 41. Rb7 Bxg5 42. Rxg7 Bf6 43. Rb7 Bxd4 44. Rxb5 Be5 45. Re1 Bxb2 46.
Rxb2 Rxb2+ 47. Kxb2 Kd7 48. Kc3 Kd6 49. Kd4 f3 50. Ke3 e5 51. Kxf3 e4+ 52. Ke3
Kc5 53. Rc1+ Kd6 54. Kd4 Ke6 55. Rc5 1-0

[Event "Campeonato de España FEDC 2014"]
[Site "Linares ESP"]
[Date "2014.11.22"]
[Round "7.16"]
[White "Quintero Gemio, Antonio J"]
[Black "Garcia Cervigon, Juan Pablo"]
[Result "1-0"]
[WhiteElo "1763"]
[BlackElo "1709"]
[PlyCount "111"]
[EventDate "2014.11.16"]
[EventType "swiss"]
[EventRounds "8"]
[EventCountry "ESP"]
[Source "lmi"]
[SourceDate "2014.11.16"]

1. e4 c5 2. Nf3 Nc6 3. d4 cxd4 4. Nxd4 Nf6 5. Nc3 g6 6. h3 Bg7 7. Be3 O-O 8.
Qd2 d6 9. O-O-O Bd7 10. Be2 Rc8 11. f4 Na5 12. g4 Nc4 13. Bxc4 Rxc4 14. e5 Ne8
15. Nb3 a5 16. Qd3 b5 17. Nd2 Rc8 18. Nxb5 Bxb5 19. Qxb5 Qc7 20. c3 dxe5 21.
Nb1 Nd6 22. Qa4 Rb8 23. b3 Rb7 24. Rh2 Rfb8 25. Rc2 Nc4 26. Bf2 exf4 27. Rd5
Ne3 28. Bxe3 fxe3 29. Qe4 Qg3 30. Rxa5 Qxh3 31. Rd5 e6 32. Rd1 Rb5 33. Qg2 Qxg2
34. Rxg2 Rd5 35. Rxd5 exd5 36. Kc2 f5 37. Kd3 f4 38. Ke2 Kf7 39. Kf3 Be5 40. b4
Kf6 41. a4 Kg5 42. a5 d4 43. cxd4 Bxd4 44. Na3 Be5 45. Nc2 h5 46. Rh2 Rh8 47.
a6 h4 48. b5 Rb8 49. a7 Ra8 50. b6 Rg8 51. Rg2 Ra8 52. Rg1 h3 53. Rh1 Rc8 54.
Rh2 e2 55. Rxe2 Rg8 56. Rh2 1-0

[Event "Campeonato de España FEDC 2014"]
[Site "Linares ESP"]
[Date "2014.11.22"]
[Round "7.17"]
[White "Espadina Solano, Jaime"]
[Black "Samper Alarcon, Julio Alfredo"]
[Result "1-0"]
[WhiteElo "1741"]
[BlackElo "1627"]
[PlyCount "47"]
[EventDate "2014.11.16"]
[EventType "swiss"]
[EventRounds "8"]
[EventCountry "ESP"]
[Source "lmi"]
[SourceDate "2014.11.16"]

1. e4 e5 2. Nf3 Nc6 3. Bc4 h6 4. c3 d6 5. d4 exd4 6. cxd4 Bd7 7. O-O Qf6 8. e5
dxe5 9. dxe5 Qe7 10. Nc3 O-O-O 11. Nd5 Qc5 12. Qe2 Nd4 13. Nxd4 Qxd4 14. Rd1
Qh4 15. g3 Qg4 16. f3 Qh3 17. Nf4 Bc5+ 18. Kh1 Qf5 19. Bd3 Qg5 20. Ne6 Qe7 21.
Nxd8 Qxd8 22. Bf5 Bxf5 23. Rxd8+ Kxd8 24. Be3 1-0

[Event "Campeonato de España FEDC 2014"]
[Site "Linares ESP"]
[Date "2014.11.22"]
[Round "7.18"]
[White "Ariste Justo, Jesus Angel"]
[Black "Sanchez Ruiz, Justo"]
[Result "1-0"]
[WhiteElo "1858"]
[BlackElo "1708"]
[PlyCount "107"]
[EventDate "2014.11.16"]
[EventType "swiss"]
[EventRounds "8"]
[EventCountry "ESP"]
[Source "lmi"]
[SourceDate "2014.11.16"]

1. d4 e6 2. Nf3 f5 3. g3 Nf6 4. Bg2 Be7 5. O-O d6 6. b3 O-O 7. Bb2 Qe8 8. Nbd2
Qh5 9. Ne1 c6 10. e4 Qxd1 11. Rxd1 fxe4 12. Nxe4 d5 13. Nd2 b6 14. Nef3 Bb4 15.
a3 Bd6 16. Rfe1 h6 17. Ne5 Bxe5 18. dxe5 Nfd7 19. c4 Nc5 20. Bd4 Nba6 21. b4
Nb7 22. Rc1 Bd7 23. Re3 Rac8 24. f4 c5 25. bxc5 bxc5 26. Bb2 d4 27. Re2 Na5 28.
Bh3 Rb8 29. Rb1 Nb3 30. Nxb3 Rxb3 31. f5 exf5 32. e6 Ba4 33. Rf1 Rfb8 34. Bc1
d3 35. Rd2 g6 36. Re1 Rc3 37. Bf1 Rb1 38. Rxd3 Rcxc1 39. Rxc1 Rxc1 40. Rd6 Nc7
41. Rd8+ Ne8 42. Ra8 Re1 43. Rxa7 Bb3 44. Kf2 Rxe6 45. a4 Kf8 46. a5 Re7 47.
Ra8 Kf7 48. Rc8 Rc7 49. Rb8 Ba4 50. Bg2 Bc6 51. a6 Bxg2 52. Kxg2 Ra7 53. Rb7+
Rxb7 54. axb7 1-0

[Event "Campeonato de España FEDC 2014"]
[Site "Linares ESP"]
[Date "2014.11.22"]
[Round "7.19"]
[White "Rousse Mayol, Ricard"]
[Black "Melero Marti, Hector"]
[Result "1/2-1/2"]
[WhiteElo "1788"]
[BlackElo "1537"]
[PlyCount "61"]
[EventDate "2014.11.16"]
[EventType "swiss"]
[EventRounds "8"]
[EventCountry "ESP"]
[Source "lmi"]
[SourceDate "2014.11.16"]

1. Nf3 c5 2. g3 g6 3. Bg2 Bg7 4. c4 Nc6 5. Nc3 d6 6. O-O Nf6 7. d3 O-O 8. Re1
Bd7 9. e4 Ne8 10. a3 Nc7 11. Rb1 Ne6 12. Nd5 Ned4 13. b4 b6 14. Bg5 f6 15. Be3
e6 16. Nxd4 Nxd4 17. Bxd4 cxd4 18. Nf4 Rc8 19. Qb3 Re8 20. Ne2 e5 21. f4 Kh8
22. Rbc1 Bh6 23. Rc2 Bg4 24. Rf1 Qd7 25. Qb1 Bh3 26. Bxh3 Qxh3 27. Rf2 Rf8 28.
Qf1 Qg4 29. h3 Qd7 30. Kh2 f5 31. fxe5 1/2-1/2

[Event "Campeonato de España FEDC 2014"]
[Site "Linares ESP"]
[Date "2014.11.22"]
[Round "7.20"]
[White "Garcia Cruz, Jose Manuel"]
[Black "Lopez Perez, Angel Luis"]
[Result "0-1"]
[WhiteElo "1300"]
[BlackElo "1769"]
[PlyCount "110"]
[EventDate "2014.11.16"]
[EventType "swiss"]
[EventRounds "8"]
[EventCountry "ESP"]
[Source "lmi"]
[SourceDate "2014.11.16"]

1. d4 d5 2. Nf3 Nf6 3. c4 e6 4. Nc3 Nbd7 5. Bg5 Be7 6. e3 a6 7. a4 b6 8. Qc2
Bb7 9. Bd3 h6 10. Bh4 c5 11. O-O O-O 12. Rfe1 cxd4 13. Nxd4 dxc4 14. Bxc4 Rc8
15. Qe2 Nd5 16. Bb3 Ne5 17. Bxe7 Nxc3 18. Bxd8 Nxe2+ 19. Rxe2 Rfxd8 20. Rd1 Rc7
21. h3 Rdc8 22. Rc2 Be4 23. Rxc7 Rxc7 24. Rd2 Kf8 25. Kh2 Ke7 26. f3 Bb7 27.
Kg3 Nd7 28. e4 Nc5 29. Bd1 Nd7 30. Kf2 Nf6 31. Bb3 g6 32. Ke3 g5 33. Ne2 e5 34.
Ng3 Bc8 35. Rc2 Rxc2 36. Bxc2 h5 37. Nf5+ Bxf5 38. exf5 h4 39. Bd3 a5 40. Kf2
Nd5 41. Be4 Nc7 42. Ke2 Kd6 43. Kd3 Kc5 44. Kc3 f6 45. b3 Ne8 46. Bd3 Nd6 47.
Bc2 b5 48. Bd3 b4+ 49. Kd2 Kd4 50. Bc2 Nb7 51. Bd3 Nc5 52. Bc2 e4 53. fxe4
Nxe4+ 54. Bxe4 Kxe4 55. Ke2 Kxf5 0-1

[Event "Campeonato de España FEDC 2014"]
[Site "Linares ESP"]
[Date "2014.11.22"]
[Round "7.21"]
[White "Merino Gomez, Aurelio"]
[Black "Menendez Solar, Jose Carlos"]
[Result "1-0"]
[WhiteElo "1696"]
[BlackElo "1758"]
[PlyCount "87"]
[EventDate "2014.11.16"]
[EventType "swiss"]
[EventRounds "8"]
[EventCountry "ESP"]
[Source "lmi"]
[SourceDate "2014.11.16"]

1. Nf3 f5 2. g3 Nf6 3. Bg2 g6 4. c4 Bg7 5. Nc3 O-O 6. d3 d6 7. O-O e5 8. Bg5 c6
9. Rb1 Nbd7 10. Qd2 Rf7 11. a4 Rb8 12. b4 Qf8 13. Qc2 h6 14. Be3 Ra8 15. a5 Ng4
16. Bd2 e4 17. Ne1 exd3 18. Nxd3 Nde5 19. Nxe5 Nxe5 20. Nd1 Be6 21. Nb2 d5 22.
c5 f4 23. Rbd1 Bf5 24. Qc1 f3 25. exf3 Kh7 26. Be3 Bd7 27. Bf4 Re8 28. Bxe5
Bxe5 29. Nd3 Bh8 30. f4 Bf5 31. Rfe1 Rfe7 32. Rxe7+ Rxe7 33. Ne1 Qf6 34. Nd3
Qc3 35. Ne5 Qxb4 36. g4 Bc8 37. g5 Bxe5 38. fxe5 Rxe5 39. gxh6 Bf5 40. Qa1 Re7
41. Qf6 Qxc5 42. Bf1 Kxh6 43. h4 Re4 44. Qh8# 1-0

[Event "Campeonato de España FEDC 2014"]
[Site "Linares ESP"]
[Date "2014.11.22"]
[Round "7.22"]
[White "Garcia Cruz, Francisco"]
[Black "Juanes Paniagua, Alberto"]
[Result "1-0"]
[WhiteElo "1500"]
[BlackElo "1321"]
[PlyCount "62"]
[EventDate "2014.11.16"]
[EventType "swiss"]
[EventRounds "8"]
[EventCountry "ESP"]
[Source "lmi"]
[SourceDate "2014.11.16"]

1. d4 d5 2. g3 e6 3. Bg2 Nf6 4. Nd2 c6 5. c3 Be7 6. Qc2 O-O 7. e4 dxe4 8. Nxe4
Nbd7 9. Bd2 a5 10. Ne2 Re8 11. f4 Nd5 12. h4 N7b6 13. Ng5 Nf6 14. O-O-O h6 15.
Nf3 Nc4 16. Ne5 Nxd2 17. Rxd2 a4 18. g4 Bd6 19. g5 Nd5 20. Rd3 h5 21. g6 Bxe5
22. gxf7+ Kxf7 23. fxe5 Rf8 24. Rg3 Ne7 25. Nf4 Nf5 26. Rg5 Ke8 27. Bf3 Kd7 28.
Bxh5 Kc7 29. Ng6 Ne3 30. Qe2 Nf5 31. Nxf8 Qxf8 1-0

[Event "Campeonato de España FEDC 2014"]
[Site "Linares ESP"]
[Date "2014.11.22"]
[Round "7.24"]
[White "Fernandez Cabello, Emilio"]
[Black "Lago Carballo, Carmen"]
[Result "1-0"]
[WhiteElo "1513"]
[BlackElo "1447"]
[PlyCount "69"]
[EventDate "2014.11.16"]
[EventType "swiss"]
[EventRounds "8"]
[EventCountry "ESP"]
[Source "lmi"]
[SourceDate "2014.11.16"]

1. e4 d5 2. exd5 Qxd5 3. Nc3 Qe5+ 4. Nce2 c6 5. d4 Qd5 6. Nc3 Qd8 7. Nf3 Bf5 8.
a4 e6 9. Bc4 Bb4 10. O-O Nf6 11. Nb1 Nbd7 12. c3 Bd6 13. Re1 Qc7 14. d5 cxd5
15. Bxd5 Nxd5 16. Qxd5 O-O 17. Qb3 Nf6 18. Na3 a6 19. Nc4 Bc2 20. Qxc2 Qxc4 21.
Bg5 Be7 22. Ne5 Qc7 23. Re3 Nd5 24. Rh3 f5 25. Bxe7 Nxe7 26. Qe2 g6 27. Nf3 Qd7
28. Re1 Rf6 29. Ng5 h5 30. Nxe6 Re8 31. Nf4 Kf7 32. Qc4+ Kg7 33. Rhe3 Qc6 34.
Rxe7+ Rxe7 35. Rxe7+ 1-0

[Event "Campeonato de España FEDC 2014"]
[Site "Linares ESP"]
[Date "2014.11.22"]
[Round "7.25"]
[White "Mena Lena, Antonio"]
[Black "Bueno Cardenas, Rafael"]
[Result "0-1"]
[WhiteElo "1296"]
[BlackElo "1511"]
[PlyCount "80"]
[EventDate "2014.11.16"]
[EventType "swiss"]
[EventRounds "8"]
[EventCountry "ESP"]
[Source "lmi"]
[SourceDate "2014.11.16"]

1. d4 Nf6 2. Nc3 e5 3. e4 exd4 4. Qxd4 Nc6 5. Qe3 b6 6. Bb5 Bb7 7. Qf3 Nb4 8.
Bd3 Qe7 9. Bg5 Nxd3+ 10. cxd3 O-O-O 11. Nge2 Qb4 12. O-O Be7 13. b3 h6 14. Bh4
g5 15. Bg3 h5 16. Be5 Rh6 17. Qe3 Ng4 18. Qd4 Qxd4 19. Nxd4 Nxe5 20. Nf5 Bf8
21. Nxh6 Bxh6 22. d4 Ng6 23. d5 g4 24. g3 Ne5 25. Rad1 Bg7 26. Ne2 Ba6 27. Nf4
Nf3+ 28. Kg2 Bxf1+ 29. Rxf1 Be5 30. Nxh5 Rh8 31. h3 gxh3+ 32. Kxf3 Rxh5 33. Rh1
Rh6 34. Kg4 Rg6+ 35. Kxh3 Rh6+ 36. Kg2 Rxh1 37. Kxh1 Kd8 38. Kg1 Ke7 39. f4 Bc3
40. Kf2 Kd6 0-1

[Event "Campeonato de España FEDC 2014"]
[Site "Linares ESP"]
[Date "2014.11.22"]
[Round "7.26"]
[White "Miramon Borragan, Gustavo"]
[Black "Calvente Aldehuela, Antonia"]
[Result "1-0"]
[WhiteElo "1626"]
[BlackElo "1362"]
[PlyCount "34"]
[EventDate "2014.11.16"]
[EventType "swiss"]
[EventRounds "8"]
[EventCountry "ESP"]
[Source "lmi"]
[SourceDate "2014.11.16"]

1. e4 e5 2. Nf3 Nc6 3. Bb5 a6 4. Ba4 b5 5. Bb3 Na5 6. c3 Nxb3 7. Qxb3 d6 8. O-O
Nf6 9. Re1 Be7 10. d4 exd4 11. cxd4 O-O 12. e5 dxe5 13. dxe5 Nd7 14. e6 Nc5 15.
exf7+ Rxf7 16. Qe3 Bb7 17. Ng5 Qd5 1-0

[Event "Campeonato de España FEDC 2014"]
[Site "Linares ESP"]
[Date "2014.11.22"]
[Round "7.27"]
[White "Martinez Perez, Carlos"]
[Black "Alarcon Alarcon, Juana"]
[Result "1-0"]
[WhiteElo "1508"]
[BlackElo "1322"]
[PlyCount "41"]
[EventDate "2014.11.16"]
[EventType "swiss"]
[EventRounds "8"]
[EventCountry "ESP"]
[Source "lmi"]
[SourceDate "2014.11.16"]

1. e4 e5 2. d4 exd4 3. Qxd4 Nc6 4. Qe3 Nf6 5. Nc3 Bb4 6. Bd2 Ng4 7. Qg3 d6 8.
h3 Nf6 9. Qxg7 Rg8 10. Qh6 Nd4 11. O-O-O Be6 12. Qe3 c5 13. a3 Bxa3 14. bxa3
Qa5 15. Nb1 Ba2 16. Bxa5 Bxb1 17. Kxb1 b5 18. Bc3 O-O-O 19. Bxd4 cxd4 20. Qxd4
Kb7 21. Qxf6 1-0

[Event "Campeonato de España FEDC 2014"]
[Site "Linares ESP"]
[Date "2014.11.23"]
[Round "8.2"]
[White "Zanoletty Garcia, David"]
[Black "Aguilar Sevilla, Diego"]
[Result "0-1"]
[WhiteElo "1996"]
[BlackElo "2105"]
[PlyCount "108"]
[EventDate "2014.11.16"]
[EventType "swiss"]
[EventRounds "8"]
[EventCountry "ESP"]
[Source "lmi"]
[SourceDate "2014.11.16"]

1. d4 Nf6 2. c4 e6 3. Nc3 Bb4 4. Bg5 h6 5. Bh4 c5 6. d5 Bxc3+ 7. bxc3 d6 8. f3
e5 9. e3 Nbd7 10. Bd3 O-O 11. Ne2 Re8 12. Qc2 g5 13. Bg3 e4 14. fxe4 Ne5 15.
Bxe5 Rxe5 16. O-O Ng4 17. Qd2 Qe7 18. Ng3 Bd7 19. Rf3 f5 20. Nxf5 Bxf5 21. Rxf5
Rxf5 22. exf5 Qe5 23. g3 Nxe3 24. Re1 Re8 25. Bc2 Kf7 26. Qd3 Kf6 27. Ba4 Re7
28. Bd7 Qe4 29. Qd2 Nxc4 30. Rxe4 Nxd2 31. Rxe7 Kxe7 32. Bc8 b6 33. Kg2 Kf6 34.
g4 Ke5 35. h3 b5 36. Ba6 b4 37. cxb4 cxb4 38. Kf2 Ne4+ 39. Ke3 Nc3 40. Bc4
Nxd5+ 41. Kd2 Nf6 42. Ba6 Nd7 43. Ke3 Nc5 44. Bb5 d5 45. Kd2 Ne4+ 46. Kc2 Nc5
47. Kd2 a6 48. Bf1 a5 49. Bb5 Ne4+ 50. Kc2 Nc3 51. Bc6 Nxa2 52. f6 Kxf6 53.
Bxd5 Nc3 54. Bc6 Ke5 0-1

[Event "Campeonato de España FEDC 2014"]
[Site "Linares ESP"]
[Date "2014.11.23"]
[Round "8.3"]
[White "Martinez Colomar, Alejandro"]
[Black "Clemente Llamero, Roberto"]
[Result "1-0"]
[WhiteElo "1747"]
[BlackElo "2097"]
[PlyCount "135"]
[EventDate "2014.11.16"]
[EventType "swiss"]
[EventRounds "8"]
[EventCountry "ESP"]
[Source "lmi"]
[SourceDate "2014.11.16"]

1. d4 Nf6 2. Nf3 d5 3. Bf4 c5 4. e3 cxd4 5. exd4 Nc6 6. c3 g6 7. Bd3 Bg7 8. h3
O-O 9. O-O Nh5 10. Bg5 h6 11. Bh4 Nf4 12. Na3 Nxd3 13. Qxd3 b6 14. Rfe1 Bb7 15.
Bg3 e6 16. Nc2 Rc8 17. Ne5 Ne7 18. Re3 Nf5 19. Bh2 Nxe3 20. Nxe3 Qe8 21. g4 Qa4
22. Ng2 Ba6 23. Qd2 Qb5 24. Re1 g5 25. h4 f6 26. Ng6 Rfe8 27. Bd6 Kf7 28. h5
Qd3 29. Rd1 Qxd2 30. Rxd2 Bc4 31. a3 Ba2 32. Rd1 Bb3 33. Rd2 Rc6 34. Bg3 a5 35.
f4 gxf4 36. N2xf4 Bc4 37. Kf2 b5 38. Nd3 Bxd3 39. Rxd3 Ra8 40. Rf3 Ke8 41. g5
hxg5 42. h6 Bxh6 43. Rxf6 Bg7 44. Rf3 Ra7 45. Be5 g4 46. Rf4 Bh6 47. Rxg4 Rf7+
48. Ke2 b4 49. axb4 axb4 50. Rh4 Bf8 51. Rh8 bxc3 52. bxc3 Rxc3 53. Bd6 Rcf3
54. Kd2 Rf2+ 55. Kc3 R7f3+ 56. Kb4 Rb2+ 57. Ka4 Ra2+ 58. Kb4 Rb2+ 59. Ka4 Rbf2
60. Bc5 Rf6 61. Ne5 R2f5 62. Kb5 Kd8 63. Kc6 Rxe5 64. dxe5 Rf5 65. Rxf8+ Rxf8
66. Bxf8 Ke8 67. Bc5 Kf7 68. Kd6 1-0

[Event "Campeonato de España FEDC 2014"]
[Site "Linares ESP"]
[Date "2014.11.23"]
[Round "8.4"]
[White "Draghici Flutur, Gavril"]
[Black "Saez Gabikagogeaskoa, Oscar"]
[Result "1-0"]
[WhiteElo "2164"]
[BlackElo "1988"]
[PlyCount "58"]
[EventDate "2014.11.16"]
[EventType "swiss"]
[EventRounds "8"]
[EventCountry "ESP"]
[Source "lmi"]
[SourceDate "2014.11.16"]

1. e4 c5 2. Nf3 Nc6 3. d4 cxd4 4. Nxd4 Nf6 5. Nc3 e5 6. Ndb5 d6 7. Bg5 a6 8.
Na3 Be6 9. Nc4 Rc8 10. Bxf6 gxf6 11. Ne3 Bh6 12. Ncd5 Bxe3 13. Nxe3 h5 14. c3
h4 15. h3 Rh6 16. Be2 Rg6 17. Qd2 Qb6 18. Bg4 Ne7 19. Rd1 Rc6 20. b3 Qc5 21. c4
Rg5 22. O-O Ng6 23. b4 Qb6 24. Bxe6 fxe6 25. c5 dxc5 26. Qd7+ Kf8 27. Qh7 Rd6
28. bxc5 Qxc5 29. Rc1 Qd4 1-0

[Event "Campeonato de España FEDC 2014"]
[Site "Linares ESP"]
[Date "2014.11.23"]
[Round "8.7"]
[White "Garcia Cervigon, Cecilio"]
[Black "Losilla Marin, Antonio"]
[Result "1-0"]
[WhiteElo "1807"]
[BlackElo "1656"]
[PlyCount "91"]
[EventDate "2014.11.16"]
[EventType "swiss"]
[EventRounds "8"]
[EventCountry "ESP"]
[Source "lmi"]
[SourceDate "2014.11.16"]

1. d4 d5 2. Nf3 Nf6 3. c4 dxc4 4. Qa4+ Bd7 5. Qxc4 Bc6 6. Nc3 e6 7. Bg5 Be7 8.
Ne5 O-O 9. e3 Nd5 10. Bxe7 Nxe7 11. Nxc6 Nbxc6 12. Bd3 Nd5 13. O-O a6 14. Rac1
Rc8 15. Qb3 Nb6 16. Ne4 Qe7 17. Nc5 Nd8 18. Be4 Rb8 19. Qb4 Re8 20. Qb3 Qd6 21.
Nd3 f6 22. Nf4 Kh8 23. Qc2 f5 24. Bf3 c6 25. Rfd1 g5 26. Nd3 g4 27. Be2 Rg8 28.
Ne5 Nd7 29. Nc4 Qe7 30. Qc3 Nf6 31. Qb3 Nf7 32. Ne5 Nxe5 33. dxe5 Nd5 34. Qd3
Rg7 35. e4 Nf4 36. Qe3 Qg5 37. exf5 Qxf5 38. Rd4 Rf8 39. Rcd1 Nh3+ 40. gxh3
gxh3+ 41. Kh1 Qg6 42. Rg4 Qc2 43. Rxg7 Kxg7 44. Rg1+ Kf7 45. Qd3 Qc5 46. Qd7+
1-0

[Event "Campeonato de España FEDC 2014"]
[Site "Linares ESP"]
[Date "2014.11.23"]
[Round "8.8"]
[White "Vela Ignacio, Jose Manuel"]
[Black "Quintero Gemio, Antonio J"]
[Result "1-0"]
[WhiteElo "2128"]
[BlackElo "1763"]
[PlyCount "45"]
[EventDate "2014.11.16"]
[EventType "swiss"]
[EventRounds "8"]
[EventCountry "ESP"]
[Source "lmi"]
[SourceDate "2014.11.16"]

1. e4 c5 2. Nf3 d6 3. Bb5+ Bd7 4. Bxd7+ Nxd7 5. d4 cxd4 6. Qxd4 e5 7. Qd3 Nc5
8. Qe2 Nf6 9. Nc3 Be7 10. Bg5 Nfxe4 11. Nxe4 Nxe4 12. Bxe7 Qxe7 13. Qxe4 O-O
14. O-O Rac8 15. c3 f5 16. Qd5+ Kh8 17. Rad1 Rcd8 18. Rfe1 Rfe8 19. Nd4 Qf6 20.
Nb5 f4 21. Nxd6 Rxd6 22. Qxd6 Qxd6 23. Rxd6 1-0

[Event "Campeonato de España FEDC 2014"]
[Site "Linares ESP"]
[Date "2014.11.23"]
[Round "8.9"]
[White "Ortiz Amenos, Jose Luis"]
[Black "Espadina Solano, Jaime"]
[Result "1/2-1/2"]
[WhiteElo "2039"]
[BlackElo "1741"]
[PlyCount "78"]
[EventDate "2014.11.16"]
[EventType "swiss"]
[EventRounds "8"]
[EventCountry "ESP"]
[Source "lmi"]
[SourceDate "2014.11.16"]

1. e4 e5 2. Nf3 Nc6 3. Bb5 a6 4. Ba4 Nf6 5. O-O b5 6. Bb3 Be7 7. d3 d6 8. a3
Bg4 9. c3 O-O 10. h3 Bd7 11. Re1 Na5 12. Bc2 c5 13. b4 Nc6 14. Nbd2 a5 15. bxc5
dxc5 16. Rb1 Rb8 17. Nf1 Be6 18. Bb2 Qc7 19. Qe2 Rfd8 20. Ne3 b4 21. axb4 cxb4
22. cxb4 Bxb4 23. Rec1 Qd6 24. Ba4 Nd4 25. Bxd4 exd4 26. Nc4 Qf4 27. Bc6 Bc3
28. Ba4 Bxc4 29. dxc4 Rxb1 30. Rxb1 Qxe4 31. Qa2 g6 32. Bb3 Rb8 33. c5 Kg7 34.
Rd1 Rb7 35. Ng5 Qf5 36. Nxf7 Rxb3 37. Qxb3 Ne4 38. Nd6 Qxf2+ 39. Kh2 Qg3+
1/2-1/2

[Event "Campeonato de España FEDC 2014"]
[Site "Linares ESP"]
[Date "2014.11.23"]
[Round "8.10"]
[White "Fernandez Lago, David"]
[Black "Mondelo Fidalgo, Antonio"]
[Result "1-0"]
[WhiteElo "2000"]
[BlackElo "1739"]
[PlyCount "67"]
[EventDate "2014.11.16"]
[EventType "swiss"]
[EventRounds "8"]
[EventCountry "ESP"]
[Source "lmi"]
[SourceDate "2014.11.16"]

1. e4 e6 2. d4 d5 3. Nc3 Nf6 4. Bg5 dxe4 5. Nxe4 Be7 6. Bxf6 Bxf6 7. Nf3 Be7 8.
Bd3 Bd7 9. Qe2 Bc6 10. Rd1 Nd7 11. Ne5 Bxe4 12. Bxe4 c6 13. O-O Qc7 14. Rfe1
Nf6 15. Bf3 O-O 16. a3 a5 17. c4 Rad8 18. c5 Nd5 19. Be4 Nf6 20. Bb1 Rd5 21.
Ba2 Rdd8 22. Qc2 Rfe8 23. Re3 Bf8 24. Rh3 g6 25. f4 Nd5 26. Qf2 Nf6 27. Rdd3
Ne4 28. Qh4 h6 29. Qe1 Nf6 30. f5 Nd5 31. fxg6 fxg6 32. Nxg6 Rd7 33. Nxf8 Kxf8
34. Rxh6 1-0

[Event "Campeonato de España FEDC 2014"]
[Site "Linares ESP"]
[Date "2014.11.23"]
[Round "8.11"]
[White "Monmeneu Chulia, Vicente Juan"]
[Black "Arranz Fraile, Javier"]
[Result "1-0"]
[WhiteElo "1851"]
[BlackElo "1594"]
[PlyCount "109"]
[EventDate "2014.11.16"]
[EventType "swiss"]
[EventRounds "8"]
[EventCountry "ESP"]
[Source "lmi"]
[SourceDate "2014.11.16"]

1. d4 g6 2. e4 d5 3. e5 e6 4. Nf3 c5 5. c3 Bg7 6. Bd3 a6 7. O-O c4 8. Bc2 Ne7
9. Re1 Nbc6 10. Nbd2 Bd7 11. Nf1 Nf5 12. Kh1 Bh6 13. Bxf5 Bxc1 14. Qxc1 gxf5
15. Ng3 Ne7 16. Nh5 Ng6 17. Nf6+ Ke7 18. h4 h5 19. g3 Qf8 20. Qg5 Qd8 21. Nxh5+
Kf8 22. Nf6 Rg8 23. h5 Rg7 24. h6 Rg8 25. Nxg8 Kxg8 26. Kg2 Kh7 27. Rh1 Qe7 28.
Qxe7 Nxe7 29. Ng5+ Kg6 30. f4 Rh8 31. h7 f6 32. exf6 Kxf6 33. Kf2 a5 34. Rae1
b5 35. Re2 Nc6 36. Rhe1 Nd8 37. Kf3 Bc8 38. Kf2 Bd7 39. Kf3 Bc8 40. Re5 Bd7 41.
g4 fxg4+ 42. Kxg4 Re8 43. Kg3 Rh8 44. Rh1 Nf7 45. Nxf7 Kxf7 46. Kg4 Kf6 47.
Rh6+ Kg7 48. Kg5 Rxh7 49. Rxh7+ Kxh7 50. f5 Kg7 51. fxe6 Bc6 52. Rf5 b4 53. Kf4
a4 54. a3 bxc3 55. bxc3 1-0

[Event "Campeonato de España FEDC 2014"]
[Site "Linares ESP"]
[Date "2014.11.23"]
[Round "8.13"]
[White "Sanz Garcia, Ramon"]
[Black "Sanchez Ruiz, Piedad Esmeralda"]
[Result "1-0"]
[WhiteElo "1706"]
[BlackElo "1861"]
[PlyCount "57"]
[EventDate "2014.11.16"]
[EventType "swiss"]
[EventRounds "8"]
[EventCountry "ESP"]
[Source "lmi"]
[SourceDate "2014.11.16"]

1. d4 d5 2. Bf4 Nf6 3. Nf3 e6 4. e3 c5 5. c3 Nc6 6. Bd3 Be7 7. Nbd2 Nh5 8. Bg3
Nxg3 9. hxg3 g6 10. Qe2 cxd4 11. exd4 Bf6 12. O-O-O Qa5 13. Kb1 a6 14. Rh2 b5
15. Nb3 Qb6 16. g4 b4 17. c4 dxc4 18. Bxc4 a5 19. d5 Nd8 20. g5 Bg7 21. Rh4 O-O
22. Rdh1 exd5 23. Bxd5 Ra6 24. Rxh7 Ne6 25. Qe4 Qxf2 26. Nbd2 Nxg5 27. Rxg7+
Kxg7 28. Qe5+ f6 29. Qh2 1-0